000 00590nam a2200217Ia 4500
003 OSt
005 20220926035511.0
006 a|||||r|||| 00| 0
007 ta
008 220923b |||||||| |||| 00| 0 eng d
037 _cGeneral Book
040 _aRTL
_cRTL
_beng
041 _2eng
_aeng
082 _aX:1.73.N5, J9
100 _aJuster F Thomas
_9314595
245 0 _aConsumer expectations, plans and purchases
_b A prog
260 _c1959
650 _aConsumption Economics
942 _hX:1.73.N5, J9
_cGB
_2CC
999 _c662358
_d662358